Escaping the giant wave / (Record no. 2784)

MARC details
000 -LEADER
fixed length control field 01080cam a2200313 a 4500
005 - DATE AND TIME OF LATEST TRANSACTION
control field 20240115120938.0
020 ## - INTERNATIONAL STANDARD BOOK NUMBER
International Standard Book Number 068985272X (hardcover)
020 ## - INTERNATIONAL STANDARD BOOK NUMBER
International Standard Book Number 9780439831543
040 ## - CATALOGING SOURCE
Original cataloging agency DLC
Transcribing agency DLC
Modifying agency DLC
Language of cataloging eng
050 00 - LIBRARY OF CONGRESS CALL NUMBER
Classification number PZ7.K2518
Item number Es 2003
082 00 - DEWEY DECIMAL CLASSIFICATION NUMBER
Classification number 813
Edition number 21
100 1# - MAIN ENTRY--PERSONAL NAME
Personal name Kehret, Peg
245 10 - TITLE STATEMENT
Title Escaping the giant wave /
Statement of responsibility, etc. Peg Kehret
250 ## - EDITION STATEMENT
Edition statement First Scholastic printing, October 2005
260 ## - PUBLICATION, DISTRIBUTION, ETC.
Place of publication, distribution, etc. New York :
Name of publisher, distributor, etc. Scholastic,
Date of publication, distribution, etc. 2003
300 ## - PHYSICAL DESCRIPTION
Extent 151 pages ;
Dimensions 20 cm
505 ## - FORMATTED CONTENTS NOTE
Formatted contents note M
520 ## - SUMMARY, ETC.
Summary, etc. When an earthquake creates a tsunami while thirteen-year-old Kyle is babysitting his sister during a family vacation at a Pacific Coast resort, he tries to save himself, his sister, and a boy who has bullied him for years.
521 ## - TARGET AUDIENCE NOTE
Target audience note 750
Source Lexile
521 ## - TARGET AUDIENCE NOTE
Target audience note M
Source Raz-Plus
650 #1 - SUBJECT ADDED ENTRY--TOPICAL TERM
Topical term or geographic name entry element Tsunamis
Form subdivision Fiction.
650 #1 - SUBJECT ADDED ENTRY--TOPICAL TERM
Topical term or geographic name entry element Earthquakes
Form subdivision Fiction.
650 #1 - SUBJECT ADDED ENTRY--TOPICAL TERM
Topical term or geographic name entry element Natural disasters
Form subdivision Fiction.
650 #1 - SUBJECT ADDED ENTRY--TOPICAL TERM
Topical term or geographic name entry element Siblings
Form subdivision Fiction.
650 #1 - SUBJECT ADDED ENTRY--TOPICAL TERM
Topical term or geographic name entry element Bullies and bullying
Form subdivision Fiction.
906 ## - LOCAL DATA ELEMENT F, LDF (RLIN)
a 7
b cbc
c orignew
d 1
e ecip
f 20
g y-gencatlg
942 ## - ADDED ENTRY ELEMENTS (KOHA)
Source of classification or shelving scheme Dewey Decimal Classification
Koha item type Books
Suppress in OPAC No
999 ## -
-- 2784
-- 2784
Holdings
Withdrawn status Lost status Source of classification or shelving scheme Damaged status Not for loan Collection Home library Current library Shelving location Date acquired Total Checkouts Full call number Barcode Date last seen Date last checked out Price effective from Koha item type
    Dewey Decimal Classification     Fiction Footprints International School Library Network Toul Kork Campus Footprints International School Library Network Toul Kork Campus   01/15/2024 1 KEH 813 PZ7.K2518 FISSE01385 03/19/2024 03/12/2024 01/15/2024 Books